000 00807cam a22002055a 4500
001 L159783
008 171221s1957 xxk f 000 0 eng d
035 _a(Sirsi) u159783
041 0 _aeng
100 1 _aSteel, Robert
245 0 4 _aThe Rent Act 1957 and other legislation dealing with controlled tenancies and furnished lettings in England, Scotland and Wales and long tenancies in England and Wales
260 _aLondon
_bRICS
_c1957
300 _axii, 164p; 22 cm
520 _aA commentary on the Rent Act 1957 and other legislaiton dealing with controlled tenancies an furnished lettings in England, Scotland and Wales and long tenancies in England and Wales.
590 _aKA
650 2 4 _aRENT ACT 1977
651 4 _aENGLAND AND WALES
690 _aLandlord and tenant
_96252
942 _n0
999 _c116106
_d116106